Triedny učiteľ - špecialista alebo manažér
Postavenie triedneho učiteľa v školách, a to z pohľadu právnych predpisov, ako aj z pohľadu funkcií a činností, ktoré sú pre túto pozíciu typické. Koordinácia a spolupráca výchovnej a vzdelávacej práce medzi inštitúciami i jednotlivcami, ktorí prichádzajú do kontaktu so žiakmi. Zákon č. 317/2009 Z....
Saved in:
| Main Author: | |
|---|---|
| Format: | Book Chapter |
| Language: | Slovak |
| Subjects: | |
| Tags: |
No Tags, Be the first to tag this record!
|
MARC
| LEADER | 00000naa a2200000 4500 | ||
|---|---|---|---|
| 001 | 0195543 | ||
| 005 | 20231127103040.8 | ||
| 041 | 0 | |a slo | |
| 044 | |a SK | ||
| 245 | 1 | 0 | |a Triedny učiteľ - špecialista alebo manažér |c Marián Valent |
| 520 | |a Postavenie triedneho učiteľa v školách, a to z pohľadu právnych predpisov, ako aj z pohľadu funkcií a činností, ktoré sú pre túto pozíciu typické. Koordinácia a spolupráca výchovnej a vzdelávacej práce medzi inštitúciami i jednotlivcami, ktorí prichádzajú do kontaktu so žiakmi. Zákon č. 317/2009 Z. z. o pedagogických zamestnancoch a odborných zamestnancoch v z. n. p., zaraďuje triedneho učiteľa medzi špecializované činnosti. | ||
| 610 | 2 | 0 | |a učitelia |
| 610 | 2 | 0 | |a zamestnanci |
| 610 | 2 | 0 | |a školy |
| 610 | 2 | 0 | |a povolanie |
| 610 | 2 | 0 | |a kvalifikácia |
| 610 | 2 | 0 | |a odbornosť |
| 610 | 2 | 0 | |a profesiografia |
| 610 | 2 | 0 | |a postavenie spoločenské |
| 100 | 1 | |a Valent, Marián | |